[Event "Joao Pessoa Caldas Memorial 5th"]
[Site "Joao Pessoa"]
[Date "2019.09.21"]
[Round "11"]
[White "Baltar, Petrov Ferreira"]
[Black "De Moura Filho, Eny Nobrega"]
[Result "1-0"]
[WhiteElo "1661"]
[BlackElo "1409"]
[PlyCount "107"]
[EventDate "2019.09.11"]
[EventType "tourn"]
[EventRounds "11"]
[EventCountry "BRA"]
[SourceTitle "CBM 195 Extra"]
[Source "ChessBase"]
[SourceDate "2020.05.31"]
[SourceVersion "1"]
[SourceVersionDate "2020.05.31"]
[SourceQuality "1"]

1. d4 d5 2. c4 e6 3. Nc3 Nf6 4. Bg5 Bb4 5. e3 h6 6. Bxf6 Qxf6 7. Qb3 Nc6 8. cxd5 Bxc3+ 9. bxc3 exd5 10. Qxd5 Be6 11. Qf3 Bf5 12. e4 Nxd4 13. Qd3 0-0-0 14. exf5 Nb3 15. Qf3 Rhe8+ 16. Be2 Nxa1 17. Kf1 Nc2 18. g3 Rd2 19. h4 Qc6 20. Qxc6 bxc6 21. Ba6+ Kb8 22. Nf3 Rd1+ 23. Kg2 Ne1+ 24. Nxe1 Rdxe1 25. Rh3 R1e4 26. Bd3 Ra4 27. h5 f6 28. Rh1 a6 29. Rb1+ Ka7 30. Rb2 Re5 31. Kf3 Re1 32. Bc2 Ra5 33. g4 Rb5 34. Bb3 a5 35. Rd2 Re7 36. Be6 a4 37. Rd4 a3 38. Ra4+ Kb6 39. Rxa3 Re8 40. Ra4 Ra5 41. Rd4 Ra3 42. Rd7 Rxc3+ 43. Kg2 Ra8 44. Rxg7 Ra4 45. Rg6 Rd3 46. f3 c5 47. Rxf6 c4 48. Rxh6 Rxa2+ 49. Kg3 c3 50. Bxa2+ c6 51. Bb3 Kc5 52. Rg6 Kb4 53. Bc2 Rd2 54. Be4 1-0

[Event "Joao Pessoa Caldas Memorial 5th"]
[Site "Joao Pessoa"]
[Date "2019.09.19"]
[Round "9"]
[White "Gomes, Genildo de Souza"]
[Black "De Moura Filho, Eny Nobrega"]
[Result "1-0"]
[WhiteElo "1651"]
[BlackElo "1409"]
[PlyCount "109"]
[EventDate "2019.09.11"]
[EventType "tourn"]
[EventRounds "11"]
[EventCountry "BRA"]
[SourceTitle "CBM 195 Extra"]
[Source "ChessBase"]
[SourceDate "2020.05.31"]
[SourceVersion "1"]
[SourceVersionDate "2020.05.31"]
[SourceQuality "1"]

1. d4 d5 2. Nd2 Nf6 3. Ngf3 Nc6 4. c3 Bf5 5. e3 a6 6. Nb3 b6 7. h3 h6 8. Bd3 Ne4 9. Qc2 e6 10. Nbd2 Bd6 11. Nxe4 Bxe4 12. Bxe4 dxe4 13. Qxe4 Ne7 14. 0-0 0-0 15. Qd3 c5 16. e4 b5 17. e5 c4 18. Qe4 Bc7 19. a3 Qd5 20. Re1 Qxe4 21. Rxe4 Nd5 22. Bd2 Ba5 23. Rae1 Rae8 24. Nh2 Bd8 25. h4 Kh7 26. Nf3 Rg8 27. g4 g6 28. g5 h5 29. Bc1 Ba5 30. Kg2 Rb8 31. Kg3 Rb7 32. Nd2 Re8 33. R4e2 Rc8 34. Ne4 Ne7 35. Nd6 Nf5+ 36. Nxf5 gxf5 37. Rd1 Rd7 38. Kf4 Kg6 39. Be3 Rd5 40. Rc2 Rc7 41. Rb1 Rb7 42. b3 Bc7 43. bxc4 Rd7 44. cxb5 Rd5 45. c4 Rd8 46. Rcb2 a5 47. b6 Bxb6 48. Rxb6 Rbd7 49. c5 Rd5 50. R1b5 Rxd4+ 51. Bxd4 Rxd4+ 52. Kg3 f4+ 53. Kg2 Ra4 54. Ra6 Rxa3 55. Rbxa5 1-0

[Event "Joao Pessoa Caldas Memorial 5th"]
[Site "Joao Pessoa"]
[Date "2019.09.15"]
[Round "5"]
[White "De Moura Filho, Eny Nobrega"]
[Black "Dantas, Francisco"]
[Result "0-1"]
[WhiteElo "1409"]
[BlackElo "1948"]
[PlyCount "54"]
[EventDate "2019.09.11"]
[EventType "tourn"]
[EventRounds "11"]
[EventCountry "BRA"]
[SourceTitle "CBM 195 Extra"]
[Source "ChessBase"]
[SourceDate "2020.05.31"]
[SourceVersion "1"]
[SourceVersionDate "2020.05.31"]
[SourceQuality "1"]

1. d4 Nf6 2. Nc3 d5 3. Nf3 Bf5 4. Ne5 e6 5. Bg5 Be7 6. e3 h6 7. Bh4 0-0 8. Bd3 Bxd3 9. Qxd3 Nbd7 10. Bxf6 Nxf6 11. 0-0 a6 12. h3 c5 13. Rad1 c4 14. Qe2 Qb6 15. Rb1 Rac8 16. f4 Rfd8 17. f5 Qc7 18. fxe6 fxe6 19. Rf3 Bd6 20. Rxf6 gxf6 21. Qg4+ Kh8 22. Qg6 fxe5 23. Qxh6+ Qh7 24. Qf6+ Qg7 25. Qxe6 exd4 26. exd4 Rg8 27. Qxd5 Qh6 0-1

[Event "Joao Pessoa Caldas Memorial 5th"]
[Site "Joao Pessoa"]
[Date "2019.09.14"]
[Round "4"]
[White "Canonico, Rodrigo"]
[Black "De Moura Filho, Eny Nobrega"]
[Result "1-0"]
[WhiteElo "1701"]
[BlackElo "1409"]
[PlyCount "61"]
[EventDate "2019.09.11"]
[EventType "tourn"]
[EventRounds "11"]
[EventCountry "BRA"]
[SourceTitle "CBM 195 Extra"]
[Source "ChessBase"]
[SourceDate "2020.05.31"]
[SourceVersion "1"]
[SourceVersionDate "2020.05.31"]
[SourceQuality "1"]

1. e4 e5 2. Nc3 Nf6 3. f4 d5 4. fxe5 Nxe4 5. Nf3 Nxc3 6. bxc3 Bg4 7. d4 Bxf3 8. Qxf3 Qh4+ 9. g3 Qe4+ 10. Qxe4 dxe4 11. Bg2 a5 12. Bxe4 c6 13. Rb1 Ra7 14. Be3 b5 15. d5 Ra6 16. dxc6 Nxc6 17. Rxb5 Be7 18. Bxc6+ Rxc6 19. Rxa5 0-0 20. Bd4 f5 21. exf6 Bxf6 22. Kd2 Bg5+ 23. Kd3 Rf3+ 24. Ke4 Bd8 25. Ra7 Bb6 26. Bxb6 Rfxc3 27. Rf1 h6 28. Bd4 Re6+ 29. Kd5 Rcc6 30. Rxg7+ Kh8 31. Rf8# 1-0

[Event "Joao Pessoa Caldas Memorial U2000 4th"]
[Site "Joao Pessoa"]
[Date "2018.11.18"]
[Round "10"]
[White "De Moura Filho, Eny Nobrega"]
[Black "Canonico, Rodrigo"]
[Result "0-1"]
[WhiteElo "1409"]
[BlackElo "1691"]
[PlyCount "74"]
[EventDate "2018.09.24"]
[EventType "tourn"]
[EventRounds "11"]
[EventCountry "BRA"]
[SourceTitle "EXT 2021"]
[Source "ChessBase"]
[SourceDate "2020.10.23"]
[SourceVersion "1"]
[SourceVersionDate "2020.10.23"]
[SourceQuality "1"]

1. e4 e5 2. Nf3 Nc6 3. Nc3 Nf6 4. Bc4 Nxe4 5. Nxe4 d5 6. Bd3 dxe4 7. Bxe4 Bd7 8. Nh4 Qxh4 9. d3 Bc5 10. 0-0 0-0-0 11. Be3 Bxe3 12. fxe3 Rhf8 13. c3 f5 14. g3 Qg5 15. Bg2 Qxe3+ 16. Kh1 f4 17. Rf3 Qc5 18. Qd2 fxg3 19. b4 Qd6 20. Rxg3 Bf5 21. b5 Nb8 22. Qe3 b6 23. Rd1 Bg6 24. d4 exd4 25. Rxd4 Qc5 26. Bh3+ Nd7 27. Rf3 Bf5 28. Rff4 Bxh3 29. Qxh3 Rxf4 30. Rxf4 Qd5+ 31. Kg1 Re8 32. Rd4 Qg5+ 33. Kf1 Rf8+ 34. Ke2 Qxb5+ 35. Ke3 Qe5+ 36. Kd3 Qf5+ 37. Qxf5 Rxf5 0-1

[Event "Joao Pessoa Caldas Memorial U2000 4th"]
[Site "Joao Pessoa"]
[Date "2018.11.17"]
[Round "9"]
[White "Gomes, Genildo de Souza"]
[Black "De Moura Filho, Eny Nobrega"]
[Result "1/2-1/2"]
[WhiteElo "1608"]
[BlackElo "1409"]
[PlyCount "140"]
[EventDate "2018.09.24"]
[EventType "tourn"]
[EventRounds "11"]
[EventCountry "BRA"]
[SourceTitle "EXT 2021"]
[Source "ChessBase"]
[SourceDate "2020.10.23"]
[SourceVersion "1"]
[SourceVersionDate "2020.10.23"]
[SourceQuality "1"]

1. d4 e6 2. b3 d5 3. Bb2 Nf6 4. Nf3 Bd6 5. e3 b6 6. Bd3 0-0 7. 0-0 Ba6 8. c4 c6 9. Ne5 Bxe5 10. dxe5 Ne4 11. Nd2 Nc5 12. Bc2 b5 13. b4 Ncd7 14. c5 Bc8 15. f4 f6 16. Qh5 f5 17. Rf3 Qe8 18. Rh3 Qxh5 19. Rxh5 Rf7 20. Nf3 h6 21. g4 Nf8 22. g5 Ng6 23. gxh6 gxh6 24. Rxh6 Rg7 25. Ng5 Nf8 26. a3 Nh7 27. h4 Nxg5 28. hxg5 Rh7 29. Rxh7 Kxh7 30. Kf2 Bd7 31. Rh1+ Kg7 32. Rh6 Na6 33. Kg2 Rh8 34. Rf6 Nc7 35. Bd1 Ne8 36. Rh6 Rxh6 37. gxh6+ Kxh6 38. Kg3 Ng7 39. Kh4 Be8 40. a4 a6 41. a5 Nh5 42. Bc3 Ng7 43. Be1 Bh5 44. Bc2 Bf3 45. Bg3 Bg4 46. Bd3 Ne8 47. Bf1 Bf3 48. Bh3 Be4 49. Bf2 Ng7 50. Kg3 Nh5+ 51. Kh2 Ng7 52. Bh4 Kh7 53. Kg3 Nh5+ 54. Kf2 Kg6 55. Bf1 Ng7 56. Be2 Ne8 57. Kg3 Ng7 58. Bg5 Nh5+ 59. Kh4 Ng7 60. Bf6 d4 61. exd4 Bd5 62. Bxg7 Kxg7 63. Kg5 Kf7 64. Bh5+ Ke7 65. Kg6 Be4 66. Kg7 Bd5 67. Kg6 Be4 68. Kg5 Bd5 69. Bg6 Be4 70. Bh7 Kf7 1/2-1/2

[Event "Pessoense Master U1900 2nd"]
[Site "Joao Pessoa"]
[Date "2018.07.13"]
[Round "8"]
[White "De Moura Filho, Eny Nobrega"]
[Black "Gomes, Genildo de Souza"]
[Result "0-1"]
[WhiteElo "1438"]
[BlackElo "1586"]
[PlyCount "74"]
[EventDate "2018.07.06"]
[EventType "tourn"]
[EventRounds "9"]
[EventCountry "BRA"]
[SourceTitle "EXT 2021"]
[Source "ChessBase"]
[SourceDate "2020.10.23"]
[SourceVersion "1"]
[SourceVersionDate "2020.10.23"]
[SourceQuality "1"]

1. g3 d5 2. Bg2 e5 3. d3 Nf6 4. e4 dxe4 5. dxe4 Qxd1+ 6. Kxd1 Bc5 7. Ke2 Nc6 8. Be3 Nd4+ 9. Bxd4 exd4 10. Nd2 Ng4 11. Nh3 c6 12. f3 Ne3 13. Nf4 g5 14. Nd3 Bb6 15. Ne1 Be6 16. b3 f5 17. Rc1 f4 18. g4 h5 19. h3 h4 20. e5 c5 21. Ne4 c4 22. Nd6+ Ke7 23. b4 Rab8 24. c3 d3+ 25. Kd2 Bc7 26. Ne4 Rhg8 27. Nf6 Rg6 28. Bf1 Bxe5 29. Ne4 Bc7 30. Ng2 Bb6 31. a4 Nxg2 32. Nc5 Bxc5 33. bxc5 Ne3 34. Rb1 Bd5 35. Bxd3 cxd3 36. Kxd3 Bxf3 37. Kd2 Rd8+ 0-1

[Event "Joao Pessoa Fischer Memorial 9th"]
[Site "Joao Pessoa"]
[Date "2018.03.16"]
[Round "2"]
[White "De Moura Filho, Eny Nobrega"]
[Black "Reis, Virginia Lagrange M"]
[Result "1-0"]
[WhiteElo "1409"]
[BlackElo "1743"]
[PlyCount "57"]
[EventDate "2018.03.16"]
[EventType "swiss"]
[EventRounds "6"]
[EventCountry "BRA"]
[SourceTitle "CBM 183 Extra"]
[Source "ChessBase"]
[SourceDate "2018.04.19"]
[SourceVersion "1"]
[SourceVersionDate "2018.04.19"]
[SourceQuality "1"]

1. Nf3 c5 2. g3 Nc6 3. Bg2 g6 4. 0-0 Bg7 5. d3 d5 6. Re1 Nf6 7. Nc3 0-0 8. e4 dxe4 9. dxe4 Qxd1 10. Rxd1 Bg4 11. h3 Bxf3 12. Bxf3 Nd4 13. Bg2 Nxc2 14. Rb1 Rfd8 15. Bf4 Nh5 16. Bc7 Rxd1+ 17. Rxd1 Nd4 18. e5 Ne6 19. Bxb7 Rf8 20. Rd7 Nxc7 21. Rxc7 Bxe5 22. Rxc5 Bd4 23. Rc4 e5 24. b3 Nxg3 25. Nb5 Nf5 26. Ra4 Rb8 27. Bc6 Rc8 28. Be4 Rc2 29. Bxc2 1-0

[Event "Joao Pessoa Master U1900 1st"]
[Site "Joao Pessoa"]
[Date "2017.11.08"]
[Round "6.3"]
[White "De Moura Filho, Eny Nobrega"]
[Black "Baltar, Petrov Ferreira"]
[Result "0-1"]
[WhiteElo "1428"]
[BlackElo "1683"]
[PlyCount "82"]
[EventDate "2017.10.04"]
[EventType "tourn"]
[EventRounds "9"]
[EventCountry "BRA"]
[SourceTitle "EXT 2022"]
[Source "ChessBase"]
[SourceDate "2021.10.06"]
[SourceVersion "1"]
[SourceVersionDate "2021.10.06"]
[SourceQuality "1"]

1. Nf3 Nf6 2. g3 g6 3. Bg2 Bg7 4. 0-0 0-0 5. d4 d6 6. Nc3 Nbd7 7. e4 Ne8 8. Re1 e5 9. Ng5 exd4 10. Nb5 c5 11. Bf4 Qb6 12. a4 Ne5 13. Bxe5 dxe5 14. Qd3 a6 15. Na3 Nd6 16. Nc4 Nxc4 17. Qxc4 h6 18. Nf3 Be6 19. Qd3 c4 20. Qa3 Rfc8 21. Rab1 a5 22. Bf1 Bf8 23. Qa1 Qc7 24. c3 d3 25. Nd2 Rab8 26. Kh1 Bc5 27. f3 Bf2 28. Red1 b5 29. Bg2 Rd8 30. Nf1 bxa4 31. Rd2 Ba7 32. Re1 Bd7 33. Ne3 Bxe3 34. Rxe3 Rb3 35. Re1 Qb6 36. Rf1 Rb8 37. Rff2 a3 38. h4 axb2 39. Rxb2 Rxb2 40. Rxb2 Qxb2 41. Qxa5 d2 0-1

[Event "Joao Pessoa Fischer Memorial 8th"]
[Site "Joao Pessoa"]
[Date "2017.03.18"]
[Round "3"]
[White "De Moura Filho, Eny Nobrega"]
[Black "Pinheiro, Emanuel Eliez Jr"]
[Result "0-1"]
[WhiteElo "1403"]
[BlackElo "1903"]
[PlyCount "62"]
[EventDate "2017.03.17"]
[EventType "swiss"]
[EventRounds "6"]
[EventCountry "BRA"]
[SourceTitle "CBM 177 Extra"]
[Source "ChessBase"]
[SourceDate "2017.04.27"]
[SourceVersion "1"]
[SourceVersionDate "2017.04.27"]
[SourceQuality "1"]

1. d4 d5 2. Nf3 Bg4 3. e3 Nf6 4. Be2 e6 5. Ne5 Bxe2 6. Qxe2 a6 7. 0-0 Nbd7 8. Nd2 Nxe5 9. dxe5 Nd7 10. f4 Bc5 11. Nf3 0-0 12. Ng5 h6 13. Nf3 Bb6 14. Bd2 c5 15. b3 Rc8 16. c4 Nb8 17. Kh1 Nc6 18. a3 Qd7 19. g4 Rcd8 20. Rg1 dxc4 21. bxc4 Qd3 22. Qg2 Ba5 23. g5 h5 24. g6 Bxd2 25. gxf7+ Rxf7 26. Ng5 Rdd7 27. Nxf7 Rxf7 28. Rad1 Rd7 29. Qg5 Na5 30. Qf6 Qe4+ 31. Rg2 Qxg2+ 0-1

[Event "Joao Pessoa Fischer Memorial 8th"]
[Site "Joao Pessoa"]
[Date "2017.03.17"]
[Round "2"]
[White "Dos Santos, Alves Humberto"]
[Black "De Moura Filho, Eny Nobrega"]
[Result "0-1"]
[WhiteElo "1784"]
[BlackElo "1403"]
[PlyCount "63"]
[EventDate "2017.03.17"]
[EventType "swiss"]
[EventRounds "6"]
[EventCountry "BRA"]
[SourceTitle "CBM 177 Extra"]
[Source "ChessBase"]
[SourceDate "2017.04.27"]
[SourceVersion "1"]
[SourceVersionDate "2017.04.27"]
[SourceQuality "1"]

1. Nf3 g6 2. e3 Bg7 3. d4 d6 4. Be2 Nf6 5. 0-0 0-0 6. Nc3 Bf5 7. Bd3 Bxd3 8. Qxd3 c5 9. Qe2 Re8 10. dxc5 dxc5 11. Ng5 e6 12. Qf3 Qe7 13. e4 Nbd7 14. Bf4 h6 15. Nh3 g5 16. Nxg5 hxg5 17. Bxg5 Ne5 18. Qg3 Nh5 19. Bxe7 Nxg3 20. fxg3 Rxe7 21. Kh1 Rd8 22. Nd1 Red7 23. Rb1 Rd2 24. h3 Rxc2 25. Ne3 Re2 26. Rfe1 Rxe1+ 27. Rxe1 Nd3 28. Re2 Bxb2 29. Kh2 b5 30. Ng4 c4 31. Re3 c3 32. Nf6+ 0-1